00439nam a2200181Ia 4500003000400000005001700004008004100021020001800062040000700080041000800087082001900095100001900114245004400133250000600177260004500183300001600228365001300244OSt20230401093531.0210423s2007 xx 000 0 und d a9780195690866 cAL aeng a658.4 PARU223 aPAREEK (Udai). aUnderstanding organizational behaviour. a2 aNew DelhibOxford University Pressc2007 axvi,798bPB b365cINR